| 000 | 00716nam a2200205Ia 4500 | ||
|---|---|---|---|
| 003 | GCL | ||
| 008 | 140319s9999 xx 000 0 ara d | ||
| 020 | _a3305091977 | ||
| 040 |
_aGCL / _cGCL |
||
| 082 | 0 | 4 |
_aق _b932 _bل ن |
| 100 | 1 | _aليبلان، كريستيان | |
| 245 | 1 | 0 |
_aنفرتارى : _bزوجات رعمسيس الثانى وبناته وابناؤه / _cليبلان، كريستيان |
| 250 | _aالاولى | ||
| 260 |
_aالقاهرة : _bدار الفكر للدراسات والنشر والتوزيع ، _c2002 |
||
| 300 |
_a416 ص ؛ _c24 سم |
||
| 650 | 0 | 4 | _aالفراعنة |
| 650 | 0 | 4 | _aرمسيس الثانى |
| 650 | 0 | 4 | _aمصر القديمة - تاريخ |
| 942 |
_2ddc _cBK |
||
| 999 |
_c5215 _d5215 |
||